Non-domestic rates (Record no. 110775)
[ view plain ]
| 000 -LEADER | |
|---|---|
| fixed length control field | 01067cad a22002415a 4500 |
| 001 - CONTROL NUMBER | |
| control field | E150176 |
| 008 - FIXED-LENGTH DATA ELEMENTS--GENERAL INFORMATION | |
| fixed length control field | 100610e20100521xxka f s000 0 eng d |
| 035 ## - SYSTEM CONTROL NUMBER | |
| System control number | (Sirsi) u150176 |
| 041 0# - LANGUAGE CODE | |
| Language code of text/sound track or separate title | eng |
| 100 1# - MAIN ENTRY--PERSONAL NAME | |
| Personal name | Herbert, Stephen |
| 245 00 - TITLE STATEMENT | |
| Title | Non-domestic rates |
| Remainder of title | livestock auction marts |
| Medium | [electronic resource] |
| 260 ## - PUBLICATION, DISTRIBUTION, ETC. | |
| Place of publication, distribution, etc. | Edinburgh |
| Name of publisher, distributor, etc. | Scottish Parliament |
| Date of publication, distribution, etc. | 2010 |
| 490 #0 - SERIES STATEMENT | |
| Series statement | SPICe Briefing |
| Volume/sequential designation | (10/31) 21 May 2010 |
| 520 ## - SUMMARY, ETC. | |
| Summary, etc. | Looks at livestock auction marts and the 2010 non-domestic rates revaluation, focussing particularly on the methodology used in the 2010 revaluation, and the lack of a transitional scheme in Scotland. |
| 521 ## - TARGET AUDIENCE NOTE | |
| Target audience note | Advanced |
| 590 ## - LOCAL NOTE (RLIN) | |
| Local note | KA |
| 651 #4 - SUBJECT ADDED ENTRY--GEOGRAPHIC NAME | |
| Geographic name | Scotland |
| Chronological subdivision | 1999- |
| 690 ## - LOCAL SUBJECT ADDED ENTRY--TOPICAL TERM (OCLC, RLIN) | |
| Topical term or geographic name as entry element | ENVIRONMENTAL AND LAND CONSULTANCY-AGRIBUSINESS-AGRICULTURE |
| 690 ## - LOCAL SUBJECT ADDED ENTRY--TOPICAL TERM (OCLC, RLIN) | |
| Topical term or geographic name as entry element | PROPERTY-COMMERCIAL PROPERTY-COMMERCIAL PROPERTY TAXATION-BUSINESS RATES |
| 700 1# - ADDED ENTRY--PERSONAL NAME | |
| Personal name | Kenyon, Wendy |
| 856 40 - ELECTRONIC LOCATION AND ACCESS | |
| Uniform Resource Identifier | <a href="https://www.scottish.parliament.uk/business/research/briefings-10/SB10-31.pdf">https://www.scottish.parliament.uk/business/research/briefings-10/SB10-31.pdf</a> |
| Public note | View the briefing free of charge at www.scottish.parliament.uk |
| 942 ## - ADDED ENTRY ELEMENTS (KOHA) | |
| Suppress in OPAC | 0 |
| Withdrawn status | Lost status | Source of classification or shelving scheme | Damaged status | Not for loan | Home library | Current library | Shelving location | Date acquired | Total Checkouts | Full call number | Barcode | Date last seen | Copy number | Price effective from | Koha item type |
|---|---|---|---|---|---|---|---|---|---|---|---|---|---|---|---|
| Dewey Decimal Classification | Virtual | Virtual | Online | 10/06/2010 | ONLINE PUBLICATION | 150176-2001 | 06/08/2019 | 1 | 06/08/2019 | Book |